[Event "Mid Bohemia Region-chT 2223"]
[Site "Czech Republic"]
[Date "2023.02.12"]
[Round "8.1"]
[White "Zvolensky, David"]
[Black "Feierfeil, Jiri"]
[Result "1-0"]
[WhiteElo "2216"]
[BlackElo "1697"]
[PlyCount "41"]
[EventDate "2022.10.09"]
[EventType "team-tourn"]
[EventRounds "11"]
[EventCountry "CZE"]
[SourceTitle "EXT 2024"]
[Source "ChessBase"]
[SourceDate "2023.10.10"]
[SourceVersion "1"]
[SourceVersionDate "2023.10.10"]
[SourceQuality "1"]
[WhiteTeam "Vlasim II"]
[BlackTeam "Brodce"]
[WhiteTeamCountry "CZE"]
[BlackTeamCountry "CZE"]

1. e4 c5 2. Nf3 d6 3. d4 cxd4 4. Nxd4 Nf6 5. Nc3 a6 6. Bg5 e6 7. f4 Be7 8. Qf3 Qc7 9. 0-0-0 Nc6 10. Nxc6 bxc6 11. e5 Nd5 12. Bxe7 Qxe7 13. Ne4 dxe5 14. fxe5 0-0 15. Bd3 Rb8 16. a3 Qb7 17. b4 f5 18. exf6 Nxf6 19. Nxf6+ gxf6 20. Be4 Qe7 21. Qg3+ 1-0

[Event "CZE-chT2A 2223"]
[Site "Czech Republic"]
[Date "2023.02.05"]
[Round "8.5"]
[White "Zvolensky, David"]
[Black "Kotal, Vaclav"]
[Result "1-0"]
[WhiteElo "2229"]
[BlackElo "2162"]
[PlyCount "129"]
[EventDate "2022.10.16"]
[EventType "team-tourn"]
[EventRounds "11"]
[EventCountry "CZE"]
[SourceTitle "EXT 2024"]
[Source "ChessBase"]
[SourceDate "2023.10.10"]
[SourceVersion "1"]
[SourceVersionDate "2023.10.10"]
[SourceQuality "1"]
[WhiteTeam "Vlasim"]
[BlackTeam "Pisek"]
[WhiteTeamCountry "CZE"]
[BlackTeamCountry "CZE"]

1. d4 Nf6 2. c4 e6 3. Nc3 d5 4. Nf3 Nbd7 5. Bf4 Bb4 6. e3 c5 7. Qb3 0-0 8. Be2 Ne4 9. 0-0 Bxc3 10. bxc3 g5 11. Bg3 g4 12. Bh4 f6 13. cxd5 gxf3 14. dxe6 Kh8 15. Bd3 Nd2 16. Qd5 fxg2 17. Rfd1 Ne5 18. Qxd8 Ndf3+ 19. Kxg2 Nxh4+ 20. Kg3 Rxd8 21. dxe5 Ng6 22. Bxg6 Rg8 23. Kf3 Rxg6 24. Rd8+ Rg8 25. Rxg8+ Kxg8 26. e7 Kf7 27. exf6 Bd7 28. Rd1 Bc6+ 29. Kf4 Rg8 30. Rd8 Be8 31. Kf5 Rg6 32. Rd6 Rh6 33. e4 Rh5+ 34. Kg4 Rxh2 35. f4 b5 36. a3 a5 37. e5 b4 38. axb4 axb4 39. cxb4 cxb4 40. Rb6 Bd7+ 41. e6+ Kxf6 42. exd7+ Kxe7 43. Rxb4 Kxd7 44. Re4 Rg2+ 45. Kf5 h5 46. Kf6 h4 47. Re7+ Kd8 48. Rh7 Rh2 49. f5 h3 50. Rh4 Rh1 51. Kf7 h2 52. f6 Kd7 53. Rd4+ Kc6 54. Rd2 Kc7 55. Rf2 Kd6 56. Kf8 Kd7 57. Rd2+ Kc7 58. f7 Kc8 59. Re2 Kd7 60. Rf2 Kd8 61. Kg7 Rg1+ 62. Kf6 h1Q 63. f8Q+ Kc7 64. Rc2+ Kb6 65. Qb4+ 1-0

[Event "Mid Bohemia Region-chT 2223"]
[Site "Czech Republic"]
[Date "2023.01.29"]
[Round "7.1"]
[White "Zvolensky, David"]
[Black "Horak, Martin"]
[Result "1/2-1/2"]
[WhiteElo "2216"]
[BlackElo "2139"]
[PlyCount "58"]
[EventDate "2022.10.09"]
[EventType "team-tourn"]
[EventRounds "11"]
[EventCountry "CZE"]
[SourceTitle "EXT 2024"]
[Source "ChessBase"]
[SourceDate "2023.10.10"]
[SourceVersion "1"]
[SourceVersionDate "2023.10.10"]
[SourceQuality "1"]
[WhiteTeam "Vlasim II"]
[BlackTeam "Cesky Brod"]
[WhiteTeamCountry "CZE"]
[BlackTeamCountry "CZE"]

1. e4 c5 2. Nf3 Nc6 3. d4 cxd4 4. Nxd4 g6 5. Nc3 Bg7 6. Be3 Nf6 7. Bc4 0-0 8. Bb3 d6 9. h3 Bd7 10. 0-0 Rc8 11. f4 Nxd4 12. Bxd4 Bc6 13. Qe2 b5 14. a3 a5 15. Rfd1 b4 16. axb4 axb4 17. Nd5 Bxd5 18. exd5 Nd7 19. Bxg7 Kxg7 20. Re1 Nc5 21. Qxe7 Qxe7 22. Rxe7 Nxb3 23. cxb3 Rc2 24. Ra4 Rxb2 25. Rxb4 Ra8 26. Rbb7 Raa2 27. Rxf7+ Kg8 28. Rg7+ Kf8 29. Rxh7 Rxg2+ 1/2-1/2

[Event "Prague op 21st"]
[Site "Prague"]
[Date "2023.01.09"]
[Round "5"]
[White "Lohia, Sohum"]
[Black "Zvolensky, David"]
[Result "0-1"]
[WhiteElo "2096"]
[BlackElo "2204"]
[PlyCount "70"]
[EventDate "2023.01.06"]
[EventType "swiss"]
[EventRounds "9"]
[EventCountry "CZE"]
[SourceTitle "CBM 212 Extra"]
[Source "ChessBase"]
[SourceDate "2023.03.31"]
[SourceVersion "1"]
[SourceVersionDate "2023.03.31"]
[SourceQuality "1"]

1. e4 e5 2. Nf3 Nc6 3. Bb5 a6 4. Ba4 Nf6 5. d3 b5 6. Bb3 Be7 7. 0-0 0-0 8. c3 d6 9. Re1 Bb7 10. Nbd2 d5 11. exd5 Nxd5 12. Nxe5 Nxe5 13. Rxe5 Nf4 14. Nf3 Ng6 15. Re1 Bd6 16. Be3 h6 17. d4 Qf6 18. d5 Qf5 19. Qd4 Rad8 20. Rad1 c5 21. Qd2 c4 22. Bc2 Qh5 23. Be4 Rde8 24. Qd4 Bc8 25. Bxg6 fxg6 26. Qh4 Qf5 27. Qd4 Re4 28. Qb6 Rg4 29. Nd4 Rxg2+ 30. Kxg2 Qh3+ 31. Kg1 Bxh2+ 32. Kh1 Bg3+ 33. Kg1 Qh2+ 34. Kf1 Rxf2+ 35. Bxf2 Qxf2# 0-1

[Event "CZE-chT2A 2223"]
[Site "Czech Republic"]
[Date "2022.10.16"]
[Round "1.3"]
[White "Zvolensky, David"]
[Black "Trmal, Jaroslav"]
[Result "1/2-1/2"]
[WhiteElo "2229"]
[BlackElo "2077"]
[PlyCount "88"]
[EventDate "2022.10.16"]
[EventType "team-tourn"]
[EventRounds "11"]
[EventCountry "CZE"]
[SourceTitle "EXT 2024"]
[Source "ChessBase"]
[SourceDate "2023.10.10"]
[SourceVersion "1"]
[SourceVersionDate "2023.10.10"]
[SourceQuality "1"]
[WhiteTeam "Vlasim"]
[BlackTeam "Pribram"]
[WhiteTeamCountry "CZE"]
[BlackTeamCountry "CZE"]

1. d4 Nf6 2. c4 e6 3. g3 Bb4+ 4. Nd2 0-0 5. Bg2 d6 6. Ngf3 Qe7 7. 0-0 Bxd2 8. Bxd2 e5 9. Bc3 e4 10. Nd2 e3 11. fxe3 Ng4 12. e4 Ne3 13. Qb3 Nxf1 14. Rxf1 c5 15. e3 Nc6 16. Qa3 Bg4 17. e5 dxe5 18. d5 Nb4 19. h3 Bd7 20. Ne4 b6 21. d6 Qe8 22. Bxb4 cxb4 23. Qxb4 Rc8 24. Nc3 Be6 25. b3 Qd7 26. h4 Bh3 27. Qb5 Qxb5 28. Nxb5 Bxg2 29. Kxg2 Rfd8 30. Nxa7 Ra8 31. Nb5 Rxa2+ 32. Kf3 Rb2 33. Ke4 Rxb3 34. Re1 Kf8 35. Kxe5 Ke8 36. Kd5 Rc8 37. Ra1 Rxe3 38. Ra7 Rc5+ 39. Kd4 Rxg3 40. Re7+ Kd8 41. Rxf7 Rg4+ 42. Kd3 Rcxc4 43. Rf8+ Kd7 44. Rf7+ Kd8 1/2-1/2

[Event "Pardubice Czech op-E 33rd"]
[Site "Pardubice"]
[Date "2022.07.16"]
[Round "4.2"]
[White "Zvolensky, David"]
[Black "Kulon, Klaudia"]
[Result "1-0"]
[WhiteElo "2196"]
[BlackElo "2286"]
[PlyCount "87"]
[EventDate "2022.07.14"]
[EventType "team-swiss"]
[EventRounds "7"]
[EventCountry "CZE"]
[SourceTitle "CBM 209 Extra"]
[Source "ChessBase"]
[SourceDate "2022.09.30"]
[SourceVersion "1"]
[SourceVersionDate "2022.09.30"]
[SourceQuality "1"]
[WhiteTeam "Vlasim Spartak"]
[BlackTeam "Kamikadze"]
[WhiteTeamCountry "CZE"]
[BlackTeamCountry "POL"]

1. d4 d5 2. c4 e6 3. Nc3 c6 4. e4 Bb4 5. e5 dxc4 6. Bxc4 c5 7. a3 Ba5 8. dxc5 Bxc3+ 9. bxc3 Qxd1+ 10. Kxd1 Nd7 11. Bb5 Ne7 12. Nf3 0-0 13. Be3 Nd5 14. Bd4 Nc7 15. Bd3 b6 16. cxb6 axb6 17. Ng5 h6 18. Ne4 Ba6 19. c4 Bb7 20. Ke2 Ra5 21. Rhb1 Na6 22. f4 Bxe4 23. Bxe4 Nac5 24. Bc6 Rc8 25. Bb5 Kf8 26. Bc3 Ra7 27. Bb4 Ke7 28. Rd1 f6 29. Rd6 fxe5 30. Rad1 Nf6 31. Rxb6 Kf7 32. fxe5 Ng4 33. Rc6 Rxc6 34. Bxc6 Nb3 35. Rf1+ Kg6 36. Be4+ Kg5 37. Bd6 Nxh2 38. Rb1 Na5 39. Bc5 Rf7 40. Be3+ Kh4 41. Rb4 Ng4 42. Bb6 Rf4 43. c5 Nb3 44. g3+ 1-0

[Event "CZE-ch Amateur"]
[Site "Luhacovice"]
[Date "2022.03.15"]
[Round "5"]
[White "Zvolensky, David"]
[Black "Lorenc, Tomas"]
[Result "1-0"]
[WhiteElo "2159"]
[BlackElo "2183"]
[PlyCount "71"]
[EventDate "2022.03.12"]
[EventType "swiss"]
[EventRounds "9"]
[EventCountry "CZE"]
[SourceTitle "EXT 2023"]
[Source "ChessBase"]
[SourceDate "2022.10.05"]
[SourceVersion "1"]
[SourceVersionDate "2022.10.05"]
[SourceQuality "1"]

1. e4 d5 2. exd5 Qxd5 3. Nc3 Qa5 4. d4 Nf6 5. Nf3 Bg4 6. h3 Bh5 7. g4 Bg6 8. Ne5 e6 9. Nc4 Qa6 10. h4 Qc6 11. Rh3 Bb4 12. h5 Be4 13. Nd2 Bxc3 14. Rxc3 Qd7 15. g5 Nd5 16. Nxe4 Nxc3 17. bxc3 Qd5 18. Qd3 Nd7 19. c4 Qa5+ 20. Bd2 Qa4 21. Nc3 Qc6 22. d5 Qd6 23. Qe3 0-0 24. Ne4 Qh2 25. 0-0-0 Rae8 26. dxe6 Rxe6 27. Bc3 Ne5 28. Ng3 Nc6 29. Qf4 Rfe8 30. Bd3 Ne5 31. Bf5 Rd6 32. Bxe5 Rxd1+ 33. Kxd1 Qg1+ 34. Kd2 f6 35. gxf6 gxf6 36. Bxh7+ 1-0

[Event "CZE-chT1W 2122"]
[Site "Czech Republic"]
[Date "2022.01.09"]
[Round "6.1"]
[White "Zvolensky, David"]
[Black "Nidl, Petr"]
[Result "1-0"]
[WhiteElo "2081"]
[BlackElo "2175"]
[PlyCount "77"]
[EventDate "2021.10.10"]
[EventType "team-tourn"]
[EventRounds "11"]
[EventCountry "CZE"]
[SourceTitle "EXT 2023"]
[Source "ChessBase"]
[SourceDate "2022.10.05"]
[SourceVersion "1"]
[SourceVersionDate "2022.10.05"]
[SourceQuality "1"]
[WhiteTeam "Vlasim Spartak"]
[BlackTeam "Ceske Budejovice"]
[WhiteTeamCountry "CZE"]
[BlackTeamCountry "CZE"]

1. d4 Nf6 2. c4 g6 3. g3 Bg7 4. Bg2 0-0 5. Nc3 c6 6. Nf3 d5 7. cxd5 cxd5 8. 0-0 Nc6 9. Bf4 b6 10. Ne5 Bb7 11. Qa4 Nxe5 12. dxe5 Ng4 13. Nxd5 Bxd5 14. Rfd1 e6 15. e4 Bc6 16. Qxc6 Qe8 17. Qc3 Rc8 18. Qa3 Qb5 19. Bf1 Qc5 20. Qxc5 Rxc5 21. Rac1 Ra5 22. a3 Nxe5 23. Rc7 Ra4 24. Kg2 Rxe4 25. Bb5 a6 26. Bxa6 Ra4 27. Bb5 Raa8 28. h3 Rac8 29. Rxc8 Rxc8 30. Rd6 Rb8 31. Be3 Bf8 32. Rxb6 Rc8 33. b3 Bxa3 34. f4 Rc2+ 35. Kf1 Nf3 36. Rb8+ Kg7 37. Be2 Bd6 38. Rd8 Nd2+ 39. Ke1 1-0

[Event "Pardubice Czech op-A 32nd"]
[Site "Pardubice"]
[Date "2021.07.25"]
[Round "3"]
[White "Neuman, Petr"]
[Black "Zvolensky, David"]
[Result "1/2-1/2"]
[WhiteElo "2397"]
[BlackElo "2154"]
[PlyCount "118"]
[EventDate "2021.07.23"]
[EventType "swiss"]
[EventRounds "9"]
[EventCountry "CZE"]
[SourceTitle "CBM 203 Extra"]
[Source "ChessBase"]
[SourceDate "2021.09.30"]
[SourceVersion "1"]
[SourceVersionDate "2021.09.30"]
[SourceQuality "1"]

1. c4 Nf6 2. g3 e6 3. Bg2 d5 4. Nf3 Be7 5. 0-0 0-0 6. b3 c5 7. Bb2 Nc6 8. e3 b6 9. Qe2 Ba6 10. d3 b5 11. Na3 bxc4 12. dxc4 Rb8 13. Rfd1 Qa5 14. Qe1 Rfd8 15. Qxa5 Nxa5 16. Ne5 Bb7 17. Rac1 Nc6 18. Nb5 a6 19. Nxc6 Bxc6 20. Nc7 Bb7 21. cxd5 Bd6 22. dxe6 Bxc7 23. Rxd8+ Bxd8 24. Be5 Bxg2 25. Bxb8 Bd5 26. exf7+ Kxf7 27. Ba7 Ne4 28. Bxc5 g5 29. h3 h5 30. g4 hxg4 31. hxg4 Nf6 32. Bd4 Nxg4 33. f3 Nh6 34. e4 Bb7 35. Be3 Ke6 36. Kf2 Nf7 37. Bd4 Nd6 38. Kg3 Nb5 39. Be3 Nd6 40. Kg4 Nf7 41. Bd4 Nd6 42. Kh5 Nf7 43. b4 Nd6 44. Be3 Nf7 45. a4 Ne5 46. Bxg5 Bxg5 47. Kxg5 Nxf3+ 48. Kf4 Ne5 49. Ke3 Bc6 50. Ra1 Kd6 51. Ra2 Ke6 52. Kd4 Nf3+ 53. Ke3 Ne5 54. Ra1 Kd6 55. Rh1 Nf7 56. Rh7 Ke6 57. b5 axb5 58. a5 Nd6 59. a6 Nxe4 1/2-1/2

[Event "Ricany op"]
[Site "Ricany"]
[Date "2020.08.25"]
[Round "5"]
[White "Zvolensky, David"]
[Black "Voracek, Zdenek"]
[Result "1-0"]
[WhiteElo "2048"]
[BlackElo "1903"]
[PlyCount "93"]
[EventDate "2020.08.22"]
[EventType "swiss"]
[EventRounds "9"]
[EventCountry "CZE"]
[SourceTitle "CBM 198 Extra"]
[Source "ChessBase"]
[SourceDate "2020.11.30"]
[SourceVersion "1"]
[SourceVersionDate "2020.11.30"]
[SourceQuality "1"]

1. e4 Nf6 2. e5 Nd5 3. d4 d6 4. Nf3 Bg4 5. Be2 e6 6. 0-0 Be7 7. h3 Bh5 8. c4 Nb6 9. Nc3 0-0 10. Be3 d5 11. c5 Bxf3 12. Bxf3 Nc4 13. Bf4 Nc6 14. b3 N4a5 15. Rc1 b6 16. cxb6 axb6 17. Nb5 Qd7 18. Be2 Rfc8 19. Be3 Na7 20. Nc3 c5 21. Na4 Qc7 22. dxc5 bxc5 23. Bxc5 Bxc5 24. Rxc5 N7c6 25. Bb5 Qa7 26. Qc2 Ne7 27. Rc1 Rxc5 28. Qxc5 Qxc5 29. Rxc5 Rc8 30. Rxc8+ Nxc8 31. b4 Na7 32. Bd7 N5c6 33. b5 Nxe5 34. b6 Nac6 35. Bxc6 Nxc6 36. Nc5 Kf8 37. b7 Ke7 38. Na6 Kd6 39. Kf1 d4 40. Ke2 e5 41. b8Q+ Nxb8 42. Nxb8 Kc7 43. Na6+ Kb6 44. Nb4 Kb5 45. Nc2 Kc4 46. Kd2 e4 47. g4 1-0

[Event "Ricany op"]
[Site "Ricany"]
[Date "2020.08.23"]
[Round "3"]
[White "Zvolensky, David"]
[Black "Petras, Milan"]
[Result "1-0"]
[WhiteElo "2048"]
[BlackElo "1996"]
[PlyCount "55"]
[EventDate "2020.08.22"]
[EventType "swiss"]
[EventRounds "9"]
[EventCountry "CZE"]
[SourceTitle "CBM 198 Extra"]
[Source "ChessBase"]
[SourceDate "2020.11.30"]
[SourceVersion "1"]
[SourceVersionDate "2020.11.30"]
[SourceQuality "1"]

1. d4 g6 2. e4 d6 3. f4 Bg7 4. Nf3 Nf6 5. Nc3 c5 6. dxc5 Qa5 7. Qd4 Nc6 8. Bb5 0-0 9. Qa4 Qxa4 10. Bxa4 Bd7 11. 0-0 dxc5 12. e5 Ng4 13. h3 Nh6 14. Be3 b6 15. Rad1 Be8 16. g4 a6 17. Bb3 Na5 18. Nd5 c4 19. Nxb6 cxb3 20. Nxa8 bxc2 21. Rd8 f6 22. Nd4 Bf7 23. Rxf8+ Kxf8 24. e6 Bg8 25. f5 Nc4 26. Bc1 Nd6 27. Nc7 gxf5 28. gxf5 1-0

[Event "Ricany op-A"]
[Site "Ricany"]
[Date "2019.08.29"]
[Round "7"]
[White "Zvolensky, David"]
[Black "Svetly, Jiri"]
[Result "1-0"]
[WhiteElo "2152"]
[BlackElo "1871"]
[PlyCount "62"]
[EventDate "2019.08.24"]
[EventType "swiss"]
[EventRounds "9"]
[EventCountry "CZE"]
[SourceTitle "EXT 2020"]
[Source "ChessBase"]
[SourceDate "2019.10.17"]
[SourceVersion "1"]
[SourceVersionDate "2019.10.17"]
[SourceQuality "1"]

1. e4 d6 2. d4 Nf6 3. Nc3 g6 4. f4 Bg7 5. Nf3 c5 6. dxc5 Qa5 7. Qd4 Nc6 8. Bb5 0-0 9. Qa4 Qxa4 10. Bxa4 a6 11. Be3 Ng4 12. Bg1 dxc5 13. Bxc5 Bxc3+ 14. bxc3 Re8 15. e5 b5 16. Bb3 Bb7 17. 0-0-0 Rad8 18. Bb6 Rxd1+ 19. Rxd1 e6 20. c4 Ne7 21. Rd7 Bc8 22. Rc7 Nh6 23. cxb5 axb5 24. c4 Ba6 25. Ra7 bxc4 26. Ba4 Rb8 27. Rxa6 Nhf5 28. g4 Nd5 29. Ba7 Nc7 30. Bxb8 Nxa6 31. gxf5 Nxb8 1-0

[Event "Ricany op-A"]
[Site "Ricany"]
[Date "2019.08.26"]
[Round "4"]
[White "Postupa, Pavel"]
[Black "Zvolensky, David"]
[Result "1-0"]
[WhiteElo "1940"]
[BlackElo "2152"]
[PlyCount "53"]
[EventDate "2019.08.24"]
[EventType "swiss"]
[EventRounds "9"]
[EventCountry "CZE"]
[SourceTitle "EXT 2020"]
[Source "ChessBase"]
[SourceDate "2019.10.17"]
[SourceVersion "1"]
[SourceVersionDate "2019.10.17"]
[SourceQuality "1"]

1. e4 e5 2. Nf3 Nc6 3. Bb5 a6 4. Ba4 Nf6 5. 0-0 Be7 6. Re1 b5 7. Bb3 d6 8. c3 0-0 9. h3 Nb8 10. d4 Nbd7 11. Nbd2 Bb7 12. Bc2 Re8 13. Nf1 Bf8 14. Ng3 g6 15. a3 c5 16. b4 Rc8 17. d5 Nb6 18. Bb3 Nfd7 19. Be3 cxb4 20. cxb4 Nc4 21. Bxc4 Rxc4 22. Nd2 Rc3 23. Nb3 Qh4 24. Na5 Ba8 25. Qd2 Rc7 26. Bg5 Rc2 27. Qe3 1-0

[Event "Ricany op-A"]
[Site "Ricany"]
[Date "2019.08.25"]
[Round "2"]
[White "Kalvach, Ladislav"]
[Black "Zvolensky, David"]
[Result "0-1"]
[WhiteElo "1784"]
[BlackElo "2152"]
[PlyCount "82"]
[EventDate "2019.08.24"]
[EventType "swiss"]
[EventRounds "9"]
[EventCountry "CZE"]
[SourceTitle "EXT 2020"]
[Source "ChessBase"]
[SourceDate "2019.10.17"]
[SourceVersion "1"]
[SourceVersionDate "2019.10.17"]
[SourceQuality "1"]

1. c4 Nf6 2. Nc3 g6 3. g3 Bg7 4. Bg2 0-0 5. e4 d6 6. d4 Nc6 7. Nge2 e5 8. d5 Ne7 9. 0-0 Nh5 10. Be3 f5 11. f4 Nf6 12. fxe5 Ng4 13. Bf4 dxe5 14. Bd2 Qd6 15. b4 Qxb4 16. Na4 Qxc4 17. Rc1 Qa6 18. Rxc7 b5 19. Rxe7 bxa4 20. Nc3 Bf6 21. Re6 Bxe6 22. dxe6 Qb6+ 23. Kh1 Nf2+ 24. Rxf2 Qxf2 25. Nd5 Rae8 26. Bb4 Rxe6 27. exf5 gxf5 28. Bxf8 Kxf8 29. Nxf6 Rxf6 30. Qd8+ Kf7 31. Bd5+ Kg6 32. h4 Qe3 33. h5+ Kg5 34. Qg8+ Kh6 35. Qd8 Qb6 36. Qe8 Qd6 37. Bf7 e4 38. g4 Qd1+ 39. Kg2 Qe2+ 40. Kh1 Qxg4 41. Qf8+ Qg7 0-1

[Event "Ricany op-A"]
[Site "Ricany"]
[Date "2019.08.25"]
[Round "3"]
[White "Zvolensky, David"]
[Black "Reljic, Michael"]
[Result "1-0"]
[WhiteElo "2152"]
[BlackElo "1890"]
[PlyCount "99"]
[EventDate "2019.08.24"]
[EventType "swiss"]
[EventRounds "9"]
[EventCountry "CZE"]
[SourceTitle "EXT 2020"]
[Source "ChessBase"]
[SourceDate "2019.10.17"]
[SourceVersion "1"]
[SourceVersionDate "2019.10.17"]
[SourceQuality "1"]

1. d4 d5 2. c4 e6 3. Nf3 Nf6 4. g3 c5 5. Bg2 Nc6 6. cxd5 exd5 7. 0-0 cxd4 8. Nxd4 Be7 9. Nc3 0-0 10. h3 h6 11. Be3 Be6 12. Qa4 Qd7 13. Nxe6 fxe6 14. Rfd1 Ne5 15. Qxd7 Nfxd7 16. Rac1 Kh8 17. b3 a6 18. Na4 Rac8 19. Nb6 Rc6 20. Nxd7 Nxd7 21. Rxc6 bxc6 22. h4 Kg8 23. Bc1 Bc5 24. e3 Kf7 25. Bb2 g6 26. Rc1 Rc8 27. e4 Rf8 28. b4 Bxb4 29. Rxc6 dxe4 30. Rc7 Ke7 31. Bg7 Rf7 32. Bxh6 Bc5 33. Be3 Bxe3 34. fxe3 Kd6 35. Ra7 Kd5 36. Bf1 a5 37. Bb5 Kc5 38. Rxd7 Rf3 39. a4 Rxg3+ 40. Kf2 Rf3+ 41. Ke2 Rh3 42. Rg7 Rxh4 43. Rxg6 Rh2+ 44. Ke1 Rh3 45. Kd2 e5 46. Rc6+ Kb4 47. Rc4+ Kb3 48. Rxe4 Rh5 49. Kd3 Rg5 50. Rh4 1-0

[Event "Vsetin op 44th"]
[Site "Vsetin"]
[Date "2019.07.04"]
[Round "7"]
[White "Mica, Marek"]
[Black "Zvolensky, David"]
[Result "0-1"]
[WhiteElo "2222"]
[BlackElo "2077"]
[PlyCount "72"]
[EventDate "2019.06.29"]
[EventType "swiss"]
[EventRounds "9"]
[EventCountry "CZE"]
[SourceTitle "CBM 191 Extra"]
[Source "ChessBase"]
[SourceDate "2019.09.30"]
[SourceVersion "1"]
[SourceVersionDate "2019.09.30"]
[SourceQuality "1"]

1. d4 Nf6 2. c4 g6 3. Nf3 Bg7 4. g3 0-0 5. Bg2 d6 6. 0-0 Nc6 7. Nc3 a6 8. e4 Bg4 9. Be3 e5 10. d5 Ne7 11. h3 Bxf3 12. Qxf3 Nd7 13. Qe2 c5 14. Rae1 f5 15. f4 fxe4 16. Nxe4 Nf5 17. Ng5 Nxg3 18. Qg4 Nxf1 19. Qe6+ Kh8 20. Rxf1 exf4 21. Rxf4 Ne5 22. Rh4 h6 23. Bf4 Rxf4 24. Rxf4 Qxg5 25. Rf1 Nxc4 26. h4 Qe3+ 27. Qxe3 Nxe3 28. Rf7 Nxg2 29. Kxg2 b5 30. Rd7 Be5 31. h5 gxh5 32. Kh3 Rg8 33. Kh4 Rg7 34. Rd8+ Kh7 35. Kxh5 Bg3 36. b4 Rg5# 0-1

[Event "Vsetin op 44th"]
[Site "Vsetin"]
[Date "2019.07.03"]
[Round "6"]
[White "Zvolensky, David"]
[Black "Stalmach, Richard"]
[Result "1-0"]
[WhiteElo "2077"]
[BlackElo "2381"]
[PlyCount "95"]
[EventDate "2019.06.29"]
[EventType "swiss"]
[EventRounds "9"]
[EventCountry "CZE"]
[SourceTitle "CBM 191 Extra"]
[Source "ChessBase"]
[SourceDate "2019.09.30"]
[SourceVersion "1"]
[SourceVersionDate "2019.09.30"]
[SourceQuality "1"]

1. e4 c5 2. Nf3 e6 3. d4 cxd4 4. Nxd4 Nf6 5. Nc3 Nc6 6. Nxc6 bxc6 7. e5 Nd5 8. Ne4 Qc7 9. f4 Qb6 10. c4 Bb4+ 11. Ke2 f5 12. Nf2 Ba6 13. Kf3 Ne7 14. Qa4 Bb7 15. Nd3 c5+ 16. Kf2 Nc6 17. a3 Ba5 18. Be3 g5 19. b4 gxf4 20. Bxc5 Qc7 21. Bd6 Bb6+ 22. c5 Qd8 23. Nxf4 Bc7 24. Rd1 Qg5 25. b5 Bxd6 26. Rxd6 Nxe5 27. c6 Ng4+ 28. Ke1 Bc8 29. b6 0-0 30. b7 Rb8 31. Ba6 Qg7 32. Qd4 e5 33. Qc4+ Kh8 34. bxc8Q Rfxc8 35. Bxc8 Rb1+ 36. Ke2 Rb2+ 37. Ke1 Rb1+ 38. Kd2 Rb2+ 39. Kc1 Rb6 40. Rxd7 Qf8 41. Qc3 Qh6 42. Bb7 Qxf4+ 43. Rd2 Qe4 44. Qd3 Qa4 45. Qd8+ Kg7 46. Qg5+ Kf8 47. Rd8+ Kf7 48. Rd7+ 1-0

[Event "Vsetin op 44th"]
[Site "Vsetin"]
[Date "2019.07.02"]
[Round "5"]
[White "Matejovsky, Ondrej"]
[Black "Zvolensky, David"]
[Result "0-1"]
[WhiteElo "2007"]
[BlackElo "2077"]
[PlyCount "60"]
[EventDate "2019.06.29"]
[EventType "swiss"]
[EventRounds "9"]
[EventCountry "CZE"]
[SourceTitle "CBM 191 Extra"]
[Source "ChessBase"]
[SourceDate "2019.09.30"]
[SourceVersion "1"]
[SourceVersionDate "2019.09.30"]
[SourceQuality "1"]

1. e4 e5 2. Nf3 Nc6 3. Nc3 g6 4. Bc4 Bg7 5. 0-0 Nf6 6. d3 0-0 7. Bg5 h6 8. Bh4 d6 9. Nd5 g5 10. Bg3 Na5 11. Nxf6+ Qxf6 12. Nd2 c6 13. b4 Nxc4 14. Nxc4 Qe7 15. Ne3 d5 16. exd5 f5 17. dxc6 bxc6 18. Qf3 e4 19. dxe4 Bxa1 20. exf5 Bg7 21. Qxc6 Bb7 22. Qb5 a6 23. Qa4 Bd4 24. Qb3+ Kh7 25. Re1 Rae8 26. c3 Bxe3 27. Rxe3 Qd7 28. Qc2 Qd5 29. f6+ Kh8 30. Re7 Qxg2# 0-1

[Event "Vsetin op 43rd"]
[Site "Vsetin"]
[Date "2018.07.07"]
[Round "5"]
[White "Gnojek, Petr"]
[Black "Zvolensky, David"]
[Result "1/2-1/2"]
[WhiteElo "1962"]
[BlackElo "2040"]
[PlyCount "94"]
[EventDate "2018.07.04"]
[EventType "swiss"]
[EventRounds "9"]
[EventCountry "CZE"]
[SourceTitle "CBM 185 Extra"]
[Source "ChessBase"]
[SourceDate "2018.07.29"]
[SourceVersion "1"]
[SourceVersionDate "2018.07.29"]
[SourceQuality "1"]

1. d4 d5 2. Nf3 Nf6 3. c4 e6 4. Nc3 Be7 5. Bg5 Nbd7 6. cxd5 exd5 7. e3 h6 8. Bh4 0-0 9. Bd3 c6 10. 0-0 Ne4 11. Bxe7 Qxe7 12. Qc2 Ndf6 13. Ne5 Nd6 14. h3 c5 15. dxc5 Qxe5 16. cxd6 Qxd6 17. Rfd1 Be6 18. Nb5 Qb6 19. Nd4 Bd7 20. Rac1 Rac8 21. Qb3 Qxb3 22. Nxb3 Ba4 23. Rxc8 Rxc8 24. Rc1 Rxc1+ 25. Nxc1 Kf8 26. Ne2 Nd7 27. Nc3 Nc5 28. Bb5 Bxb5 29. Nxb5 a6 30. Nc3 Nd3 31. b3 Nc1 32. Kf1 Ke7 33. Nxd5+ Kd6 34. Nc3 b5 35. Ke1 Nd3+ 36. Ke2 Nc5 37. b4 Nd7 38. f4 f5 39. Kd3 g5 40. g3 Nf6 41. e4 Nh5 42. exf5 gxf4 43. g4 Ng3 44. Ne4+ Ke5 45. Nxg3 fxg3 46. Ke3 h5 47. Kf3 h4 1/2-1/2

[Event "Ricany op-A"]
[Site "Ricany"]
[Date "2017.08.27"]
[Round "3"]
[White "Zvolensky, David"]
[Black "Slovak, Kilian"]
[Result "0-1"]
[WhiteElo "1894"]
[BlackElo "2101"]
[PlyCount "82"]
[EventDate "2017.08.26"]
[EventType "swiss"]
[EventRounds "9"]
[EventCountry "CZE"]
[SourceTitle "CBM 180 Extra"]
[Source "ChessBase"]
[SourceDate "2017.10.06"]
[SourceVersion "1"]
[SourceVersionDate "2017.10.06"]
[SourceQuality "1"]

1. e4 c5 2. Nf3 Nc6 3. Bd3 g6 4. c3 Bg7 5. 0-0 d6 6. Bc2 Nf6 7. h3 0-0 8. d4 cxd4 9. cxd4 d5 10. e5 Ne4 11. Nc3 Nxc3 12. bxc3 Bd7 13. Bb3 e6 14. Bg5 f6 15. exf6 Bxf6 16. Bxf6 Rxf6 17. c4 dxc4 18. Bxc4 Na5 19. Be2 Bc6 20. Qd2 Bd5 21. Ne5 Nc6 22. Nxc6 Bxc6 23. Bc4 Qd6 24. Qe3 Rd8 25. Rfe1 Qxd4 26. Qxd4 Rxd4 27. Rxe6 Kg7 28. Rxf6 Kxf6 29. Rc1 Rd2 30. Re1 h5 31. Bb3 a5 32. g4 hxg4 33. hxg4 a4 34. Bc4 Kg5 35. Be6 Kf4 36. Rc1 g5 37. Kf1 Bf3 38. Rb1 Rd1+ 39. Rxd1 Bxd1 40. Bd7 a3 41. Bb5 Bb3 0-1